[Event "Cheliabinsk Variation-B"]
[Site "Cheliabinsk"]
[Date "2022.04.05"]
[Round "5"]
[White "Gvanceladze, Anna"]
[Black "Bubeeva, Larisa"]
[Result "1-0"]
[WhiteElo "2196"]
[BlackElo "1826"]
[PlyCount "95"]
[EventDate "2022.04.01"]
[EventType "swiss"]
[EventRounds "9"]
[EventCountry "RUS"]
[SourceTitle "CBM 207 Extra"]
[Source "ChessBase"]
[SourceDate "2022.05.31"]
[SourceVersion "1"]
[SourceVersionDate "2022.05.31"]
[SourceQuality "1"]

1. d4 Nf6 2. Nf3 e6 3. c4 d5 4. Nc3 Be7 5. Bg5 h6 6. Bh4 dxc4 7. e3 0-0 8. Bxc4 c5 9. 0-0 cxd4 10. Nxd4 a6 11. Qf3 Qb6 12. Bb3 Nbd7 13. Na4 Qa5 14. Rac1 Ne5 15. Qe2 Bd7 16. Bxf6 Bxf6 17. Nc5 Bc8 18. Rfd1 b6 19. Ne4 Ng6 20. Nxf6+ gxf6 21. Qf3 Bd7 22. Qxf6 Qe5 23. Qf3 Rad8 24. Qb7 Qg5 25. Nf3 Qb5 26. Qe4 a5 27. Nd4 Qe5 28. Bc2 Qxe4 29. Bxe4 f5 30. Bf3 e5 31. Nc6 Bxc6 32. Rxc6 Rxd1+ 33. Bxd1 Kg7 34. Rxb6 Rd8 35. Ba4 f4 36. Kf1 fxe3 37. fxe3 Rd2 38. Bc6 Rd6 39. Rb7+ Kf6 40. Be4 Ne7 41. Ke2 Nc6 42. a4 Nb4 43. Ra7 Nc6 44. Rh7 Kg5 45. Rg7+ Kf6 46. Rg6+ Ke7 47. Rxd6 Kxd6 48. Bxc6 1-0

[Event "Cheliabinsk Variation-B"]
[Site "Cheliabinsk"]
[Date "2022.04.02"]
[Round "2"]
[White "Barkasheva, Sofia"]
[Black "Bubeeva, Larisa"]
[Result "1/2-1/2"]
[WhiteElo "1534"]
[BlackElo "1826"]
[PlyCount "183"]
[EventDate "2022.04.01"]
[EventType "swiss"]
[EventRounds "9"]
[EventCountry "RUS"]
[SourceTitle "CBM 207 Extra"]
[Source "ChessBase"]
[SourceDate "2022.05.31"]
[SourceVersion "1"]
[SourceVersionDate "2022.05.31"]
[SourceQuality "1"]

1. e4 e5 2. Nf3 Nc6 3. Bb5 a6 4. Bxc6 dxc6 5. 0-0 Bg4 6. h3 Bh5 7. d3 Bd6 8. Be3 Nf6 9. Nbd2 0-0 10. Re1 Re8 11. Nf1 c5 12. Ng3 Bg6 13. Bg5 h6 14. Bh4 Qe7 15. Nf5 Qe6 16. Ne3 Nh5 17. Nd2 Be7 18. Bxe7 Qxe7 19. Nd5 Qd8 20. Qf3 c6 21. Ne3 Nf4 22. Kh2 Qc7 23. Rg1 Re6 24. g3 Bh5 25. g4 Bg6 26. Nf5 Rf6 27. Nc4 Kh7 28. Qe3 b5 29. Nd2 Ne6 30. Rg3 Rd8 31. Rc1 Qd7 32. Nf3 Qc7 33. Nd2 Nd4 34. h4 Bxf5 35. exf5 b4 36. Ne4 Qe7 37. Nxf6+ Qxf6 38. Kh3 h5 39. Qe4 hxg4+ 40. Qxg4 Nxf5 41. Rf3 g6 42. Qg5 Qxg5 43. hxg5 Rd4 44. Re1 Rh4+ 45. Kg2 Rg4+ 46. Kf1 Rxg5 47. Rxe5 Ng3+ 48. fxg3 Rxe5 49. Rxf7+ Kh6 50. Ra7 c4 51. Rxa6 cxd3 52. cxd3 Rc5 53. b3 Rc2 54. d4 Kg5 55. Rb6 Kg4 56. Rxb4 Kxg3 57. Rc4 Rxa2 58. Rxc6 g5 59. d5 Rd2 60. d6 Kf3 61. Rc3+ Ke4 62. Ke1 Rxd6 63. Ke2 g4 64. Kf2 Kf4 65. Ke2 Ra6 66. b4 Ra2+ 67. Kf1 Rb2 68. Kg1 Rxb4 69. Kf2 Rb2+ 70. Kg1 Ra2 71. Rb3 Kg5 72. Rc3 Kh4 73. Kh1 Kg5 74. Rc4 Kh4 75. Rc3 Re2 76. Kg1 Rb2 77. Ra3 Rb4 78. Kg2 Rf4 79. Rb3 Ra4 80. Rc3 Ra2+ 81. Kg1 Kg5 82. Rc4 Kf5 83. Rb4 Re2 84. Kf1 Re3 85. Kf2 Rf3+ 86. Kg2 Ra3 87. Rc4 Kg5 88. Rc8 Ra2+ 89. Kg3 Ra3+ 90. Kg2 Ra5 91. Kg3 Ra3+ 92. Kg2 1/2-1/2

[Event "Sevastopol Waltz"]
[Site "Sevastopol"]
[Date "2021.08.24"]
[Round "8"]
[White "Bubeeva, Larisa"]
[Black "Triapishko, Alexandr"]
[Result "0-1"]
[WhiteElo "1877"]
[BlackElo "2506"]
[PlyCount "92"]
[EventDate "2021.08.17"]
[EventType "swiss"]
[EventRounds "9"]
[EventCountry "UKR"]
[SourceTitle "EXT 2022"]
[Source "ChessBase"]
[SourceDate "2021.10.06"]
[SourceVersion "1"]
[SourceVersionDate "2021.10.06"]
[SourceQuality "1"]

1. d4 Nf6 2. c4 e6 3. g3 d5 4. Nf3 dxc4 5. Bg2 Nc6 6. Qa4 Bb4+ 7. Bd2 Bd6 8. 0-0 0-0 9. Qxc4 e5 10. dxe5 Nxe5 11. Nxe5 Bxe5 12. Qc2 c6 13. Bc3 Qe7 14. Bxe5 Qxe5 15. Nc3 h5 16. Qa4 Re8 17. Rfe1 Bf5 18. Rad1 Qc5 19. e4 Bg4 20. Rc1 Nd7 21. h3 Be6 22. Nd5 Qd6 23. Nf4 h4 24. e5 Nxe5 25. Rcd1 Qc7 26. Nxe6 Rxe6 27. Qxh4 Rae8 28. Kh1 Qc8 29. Qa4 a5 30. f4 Nc4 31. Rxe6 Qxe6 32. Qb3 b5 33. Qf3 Nxb2 34. Rc1 Rc8 35. Rxc6 Rxc6 36. Qxc6 Qxc6 37. Bxc6 b4 38. Kg2 Nd1 39. Ba4 Nc3 40. Bb3 a4 41. Bc2 a3 42. Bb3 Ne2 43. Bc2 Nd4 44. Bb1 b3 45. Kf2 Nb5 46. axb3 Nc3 0-1

[Event "Sevastopol Waltz"]
[Site "Sevastopol"]
[Date "2021.08.20"]
[Round "4"]
[White "Zhukov, Anton"]
[Black "Bubeeva, Larisa"]
[Result "1-0"]
[WhiteElo "2248"]
[BlackElo "1877"]
[PlyCount "89"]
[EventDate "2021.08.17"]
[EventType "swiss"]
[EventRounds "9"]
[EventCountry "UKR"]
[SourceTitle "CBM 203 Extra"]
[Source "ChessBase"]
[SourceDate "2021.09.30"]
[SourceVersion "1"]
[SourceVersionDate "2021.09.30"]
[SourceQuality "1"]

1. Nf3 Nf6 2. c4 e6 3. d4 Bb4+ 4. Nbd2 b6 5. g3 Bb7 6. Bg2 0-0 7. 0-0 a5 8. Qc2 Bxd2 9. Bxd2 Be4 10. Qc1 d6 11. b3 Nbd7 12. a3 c5 13. Bc3 d5 14. cxd5 exd5 15. Bh3 Qe7 16. Nd2 Bg6 17. e3 Bd3 18. Re1 Rfd8 19. dxc5 Nxc5 20. Qb2 Rd6 21. b4 Na4 22. Qb3 Nxc3 23. Qxc3 Bg6 24. Qd4 Ne4 25. Rac1 axb4 26. axb4 h5 27. Red1 Ra4 28. Nxe4 Bxe4 29. Rc8+ Kh7 30. Rdc1 Rf6 31. Qd1 Rxb4 32. Qxh5+ Rh6 33. Bf5+ Bxf5 34. Qxf5+ g6 35. Qxd5 Rh5 36. Qd2 Rbb5 37. Qd4 Qe5 38. Qd8 Rb2 39. Qg8+ Kh6 40. Qh8+ Qxh8 41. Rxh8+ Kg5 42. Rf8 f5 43. h4+ Kh6 44. Rc7 g5 45. Rf6# 1-0

[Event "Moscow op (Women) 17th"]
[Site "Moscow"]
[Date "2021.02.22"]
[Round "3"]
[White "Loskutova, Viktoriya"]
[Black "Bubeeva, Larisa"]
[Result "1-0"]
[WhiteElo "2096"]
[BlackElo "1810"]
[PlyCount "119"]
[EventDate "2021.02.20"]
[EventType "swiss"]
[EventRounds "9"]
[EventCountry "RUS"]
[SourceTitle "CBM 200 Extra"]
[Source "ChessBase"]
[SourceDate "2021.03.31"]
[SourceVersion "1"]
[SourceVersionDate "2021.03.31"]
[SourceQuality "1"]

1. e4 g6 2. d4 Bg7 3. Nc3 d6 4. f4 a6 5. Bd3 c5 6. dxc5 dxc5 7. e5 Nh6 8. Be3 Qa5 9. Qd2 0-0 10. Ne4 Qxd2+ 11. Nxd2 b6 12. Ngf3 Be6 13. h3 f6 14. Bc4 Bxc4 15. Nxc4 fxe5 16. fxe5 Nf5 17. Bf2 b5 18. Nb6 Ra7 19. Bxc5 Rc7 20. b4 Nc6 21. 0-0-0 Nxe5 22. Nxe5 Bxe5 23. Nd5 Rb7 24. Rhe1 Bd6 25. Bxd6 exd6 26. Re6 Kf7 27. Rde1 Rc8 28. c3 h5 29. Rf6+ Kg7 30. Ree6 Rf7 31. Rxg6+ Kf8 32. Rgf6 Nd4 33. Rxf7+ Kxf7 34. Rxd6 Nc6 35. Rh6 a5 36. a3 axb4 37. axb4 Nxb4 38. Nxb4 Rxc3+ 39. Kd2 Rg3 40. Rxh5 Rxg2+ 41. Ke3 Rb2 42. Rh4 Kg6 43. Nd3 Rb3 44. Rb4 Ra3 45. Rxb5 Kh6 46. Rd5 Ra1 47. Kf3 Rg1 48. Nf4 Kh7 49. Rd6 Rg8 50. Nh5 Rg1 51. Ng3 Ra1 52. Kf4 Ra4+ 53. Kg5 Ra3 54. Rh6+ Kg8 55. Nf5 Ra1 56. h4 Ra2 57. Rc6 Rg2+ 58. Kh6 Rf2 59. Rf6 Rxf5 60. Rxf5 1-0

[Event "Cheliabinsk Panchenko Memorial op-B"]
[Site "Cheliabinsk"]
[Date "2020.09.14"]
[Round "8"]
[White "Makarova, Ekaterina"]
[Black "Bubeeva, Larisa"]
[Result "1/2-1/2"]
[WhiteElo "1644"]
[BlackElo "1780"]
[PlyCount "120"]
[EventDate "2020.09.07"]
[EventType "swiss"]
[EventRounds "9"]
[EventCountry "RUS"]
[SourceTitle "CBM 198 Extra"]
[Source "ChessBase"]
[SourceDate "2020.11.30"]
[SourceVersion "1"]
[SourceVersionDate "2020.11.30"]
[SourceQuality "1"]

1. d4 Nf6 2. Nf3 d5 3. Bf4 c5 4. c3 Nc6 5. e3 Qb6 6. Qb3 c4 7. Qc2 Bf5 8. Qc1 h6 9. h3 e6 10. Nbd2 Be7 11. Be2 0-0 12. 0-0 Rfc8 13. Bd1 Qd8 14. Bc2 Bxc2 15. Qxc2 b5 16. e4 b4 17. exd5 exd5 18. Rfe1 a5 19. Ne5 Na7 20. Re3 Qf8 21. Qf5 Nb5 22. Nd7 Qd8 23. Nxf6+ Bxf6 24. Qg4 Kf8 25. Rae1 Qb6 26. Qf5 g5 27. Be5 Kg7 28. Bxf6+ Qxf6 29. Qxd5 Nd6 30. Rf3 Qg6 31. Qe5+ Kg8 32. Rf6 Qh7 33. Qxd6 Re8 34. Rf1 Kg7 35. Rf3 Rac8 36. Qd5 Qg6 37. Qxa5 Re2 38. Nxc4 Rxc4 39. Qb5 Qe6 40. d5 Qe4 41. d6 Rd2 42. d7 bxc3 43. bxc3 Rc7 44. Qb6 Rcxd7 45. Qf6+ Kh7 46. Re3 Qa8 47. Rfe1 R2d6 48. Qf5+ Kg7 49. Qc2 Rd2 50. Qf5 Qxa2 51. Rg3 R7d5 52. Qe4 Rd1 53. Rge3 R1d2 54. R3e2 Rd6 55. Rxd2 Qxd2 56. Qe2 Qxc3 57. Rf1 Rd2 58. Qe4 Qd4 59. Qe1 Qd5 60. Qa1+ Qd4 1/2-1/2

[Event "Cheliabinsk Panchenko Memorial op-B"]
[Site "Cheliabinsk"]
[Date "2020.09.09"]
[Round "3"]
[White "Bubeeva, Larisa"]
[Black "Borisova, Ekaterina"]
[Result "0-1"]
[WhiteElo "1780"]
[BlackElo "2283"]
[PlyCount "152"]
[EventDate "2020.09.07"]
[EventType "swiss"]
[EventRounds "9"]
[EventCountry "RUS"]
[SourceTitle "CBM 198 Extra"]
[Source "ChessBase"]
[SourceDate "2020.11.30"]
[SourceVersion "1"]
[SourceVersionDate "2020.11.30"]
[SourceQuality "1"]

1. d4 Nf6 2. Bg5 d5 3. Bxf6 exf6 4. e3 Be6 5. g3 Bd6 6. Bg2 Nd7 7. Ne2 c6 8. Nd2 0-0 9. 0-0 f5 10. c3 Nf6 11. Qb3 Qa5 12. Rfd1 Ne4 13. Nf4 Qc7 14. Rac1 Kh8 15. Qc2 Rae8 16. c4 Bxf4 17. exf4 Qa5 18. b3 Re7 19. Nf1 Rd8 20. Ne3 g6 21. Qb2 Kg8 22. b4 Qc7 23. c5 Nf6 24. a4 Ng4 25. Nf1 h5 26. h4 Bc8 27. Re1 Rde8 28. Qc3 Re6 29. Rxe6 Rxe6 30. Re1 Nf6 31. Rxe6 Bxe6 32. Nd2 Kg7 33. Qb2 Nd7 34. Bf1 Kh7 35. Nb3 Nf6 36. b5 Ne4 37. Kg2 Kg8 38. f3 Nf6 39. Qc3 Nd7 40. Qa5 Qb8 41. Qb4 Qc7 42. Qa5 b6 43. Qc3 Nb8 44. Qb4 Nd7 45. Qc3 Nb8 46. Qb4 Kg7 47. Qc3 f6 48. Qe3 Bf7 49. Kf2 Kf8 50. Be2 Nd7 51. Qc3 cxb5 52. axb5 bxc5 53. Nxc5 Kg8 54. Qb4 Nb6 55. Qa5 g5 56. fxg5 fxg5 57. Qd2 f4 58. gxf4 gxh4 59. Bf1 Qd6 60. Qe3 Qg6 61. Qe5 Qg3+ 62. Ke2 Nc4 63. Qg5+ Kh7 64. Nd7 Qxg5 65. fxg5 Kg6 66. f4 Kf5 67. Ne5 Nxe5 68. fxe5 Ke4 69. Bh3 Kxd4 70. e6 Be8 71. Bf5 Ke5 72. Bd3 Kxe6 73. Ke3 Ke5 74. Kf3 Kd4 75. Bf1 Kc3 76. Ke3 Bg6 0-1

[Event "Cheliabinsk Panchenko Memorial op-B"]
[Site "Cheliabinsk"]
[Date "2020.09.08"]
[Round "2"]
[White "Volchkova, Alena"]
[Black "Bubeeva, Larisa"]
[Result "0-1"]
[WhiteElo "1544"]
[BlackElo "1780"]
[PlyCount "120"]
[EventDate "2020.09.07"]
[EventType "swiss"]
[EventRounds "9"]
[EventCountry "RUS"]
[SourceTitle "CBM 198 Extra"]
[Source "ChessBase"]
[SourceDate "2020.11.30"]
[SourceVersion "1"]
[SourceVersionDate "2020.11.30"]
[SourceQuality "1"]

1. e4 c6 2. d4 d5 3. exd5 cxd5 4. Bd3 Nf6 5. c3 Nc6 6. Bf4 Bg4 7. Qb3 Qc8 8. Nd2 e6 9. Ngf3 Be7 10. 0-0 Bh5 11. Ne5 0-0 12. Qc2 a6 13. Rae1 Bg6 14. Nxc6 Qxc6 15. Nf3 Nd7 16. Re3 Bd6 17. Bxd6 Qxd6 18. Bxg6 hxg6 19. g3 b5 20. Kg2 Rfe8 21. Qe2 Rac8 22. h4 f6 23. Qd3 Kf7 24. h5 gxh5 25. Nh4 f5 26. f4 Nf6 27. Nf3 Ne4 28. Ne5+ Kf6 29. Rh1 Rh8 30. Qd1 g6 31. a3 a5 32. Qe1 b4 33. axb4 axb4 34. Rf1 bxc3 35. bxc3 Qc7 36. Rff3 Ra8 37. Re2 Ra3 38. Rc2 Rc8 39. Qh1 Kg7 40. Qh4 Qa7 41. Re3 Kh7 42. Rf3 Rc7 43. Qd8 Rg7 44. Qc8 Qa6 45. Qxa6 Rxa6 46. Re3 Ra3 47. Nf3 Kh6 48. Nd2 Rc7 49. Nxe4 fxe4 50. Kf2 Kg7 51. Ke2 Kf6 52. Kd2 Ra1 53. Rc1 Rxc1 54. Kxc1 Kf5 55. Kd2 h4 56. Kc2 hxg3 57. Rxg3 Rg7 58. Kd2 Kxf4 59. Rg1 g5 60. Ke2 g4 0-1